[Event "Hungary"]
[Site "Hungary "]
[Date "1986.??.??"]
[Round "?"]
[White "Hardicsay, Peter"]
[Black "Adorjan, Andras"]
[Result "0-1"]
[WhiteElo "2345"]
[BlackElo "2560"]
[PlyCount "34"]
[EventDate "1986.??.??"]
[EventType "game"]
[EventCountry "HUN"]
[Source "ChessBase"]
[SourceDate "2009.11.30"]
[WhiteTeamCountry "CUB"]
[BlackTeamCountry "HUN"]

1. d4 Nf6 2. c4 e6 3. Nf3 b6 4. a3 Bb7 5. Nc3 d5 6. cxd5 Nxd5 7. Qc2 Nxc3 8.
Qxc3 h6 9. b4 Be7 10. Bb2 O-O 11. e3 Nd7 12. Rd1 Rc8 13. Bb5 c6 14. Ba4 Ba6 15.
e4 Nf6 16. Nd2 Qc7 17. f3 Nd5 0-1

[Event "Cannes"]
[Site "Cannes"]
[Date "1986.??.??"]
[Round "1"]
[White "Karlsson, Lars"]
[Black "Adorjan, Andras"]
[Result "1/2-1/2"]
[WhiteElo "2520"]
[BlackElo "2555"]
[PlyCount "48"]
[EventDate "1986.02.??"]
[EventType "tourn"]
[EventRounds "9"]
[EventCountry "FRA"]
[EventCategory "10"]
[Source "ChessBase"]
[SourceDate "1999.07.01"]
[WhiteTeamCountry "CUB"]
[BlackTeamCountry "HUN"]

1. Nf3 c5 2. g3 b6 3. e4 Bb7 4. Nc3 Nf6 5. Qe2 Nc6 6. Bg2 d6 7. O-O Nd7 8. d3
g6 9. Be3 Bg7 10. Qd2 Nde5 11. Nxe5 dxe5 12. a3 O-O 13. Bh6 Rc8 14. Ne2 c4 15.
dxc4 Nd4 16. Nxd4 Bxh6 17. Qxh6 exd4 18. Rad1 Rxc4 19. c3 Qa8 20. cxd4 Bxe4 21.
Bxe4 Qxe4 22. Rfe1 Qf3 23. Rc1 Rxc1 24. Rxc1 Qe2 1/2-1/2

[Event "Cannes"]
[Site "Cannes"]
[Date "1986.??.??"]
[Round "4"]
[White "Andruet, Gilles"]
[Black "Adorjan, Andras"]
[Result "1/2-1/2"]
[WhiteElo "2410"]
[BlackElo "2555"]
[PlyCount "45"]
[EventDate "1986.02.??"]
[EventType "tourn"]
[EventRounds "9"]
[EventCountry "FRA"]
[EventCategory "10"]
[Source "ChessBase"]
[SourceDate "1999.07.01"]
[WhiteTeamCountry "CUB"]
[BlackTeamCountry "HUN"]

1. d4 Nf6 2. c4 e6 3. Nf3 b6 4. g3 Ba6 5. b3 Bb4+ 6. Bd2 Be7 7. Bg2 c6 8. O-O
d5 9. Bc3 O-O 10. Nbd2 Nbd7 11. Re1 c5 12. e4 dxe4 13. Nxe4 Bb7 14. Nfg5 Nxe4
15. Nxe4 Qc7 16. Qc2 Nf6 17. Nxf6+ Bxf6 18. Bxb7 Qxb7 19. Re4 cxd4 20. Bxd4
Bxd4 21. Rxd4 Rad8 22. Rad1 Qa8 23. Qc3 1/2-1/2

[Event "Cannes"]
[Site "Cannes"]
[Date "1986.??.??"]
[Round "6"]
[White "Korchnoi, Viktor"]
[Black "Adorjan, Andras"]
[Result "0-1"]
[WhiteElo "2635"]
[BlackElo "2555"]
[PlyCount "78"]
[EventDate "1986.02.??"]
[EventType "tourn"]
[EventRounds "9"]
[EventCountry "FRA"]
[EventCategory "10"]
[Source "ChessBase"]
[SourceDate "1999.07.01"]
[WhiteTeamCountry "CUB"]
[BlackTeamCountry "HUN"]

1. Nf3 c5 2. c4 Nf6 3. Nc3 e6 4. g3 b6 5. Bg2 Bb7 6. O-O d6 7. d4 cxd4 8. Qxd4
a6 9. Rd1 Be7 10. Bg5 Nbd7 11. Nd2 Bxg2 12. Kxg2 O-O 13. Nde4 Qc7 14. Rac1 Rfd8
15. Kg1 h6 16. Nxf6+ Bxf6 17. Bxf6 Nxf6 18. b3 Rac8 19. f3 Qb8 20. Qd3 Qa8 21.
e4 b5 22. cxb5 d5 23. e5 Nd7 24. Qe2 Rc5 25. a4 Rdc8 26. Qe3 Qb8 27. f4 Qb6 28.
Kg2 axb5 29. Kh3 R5c6 30. Qxb6 Nxb6 31. a5 Rxc3 32. axb6 b4 33. Kg4 Kh7 34.
Rxc3 bxc3 35. Rc1 d4 36. Kf3 d3 37. b7 d2 38. bxc8=Q dxc1=Q 39. Qc4 Qd1+ 0-1

[Event "Cannes"]
[Site "Cannes"]
[Date "1986.??.??"]
[Round "8"]
[White "Santo Roman, Marc"]
[Black "Adorjan, Andras"]
[Result "0-1"]
[WhiteElo "2360"]
[BlackElo "2555"]
[PlyCount "64"]
[EventDate "1986.02.??"]
[EventType "tourn"]
[EventRounds "9"]
[EventCountry "FRA"]
[EventCategory "10"]
[Source "ChessBase"]
[SourceDate "1999.07.01"]
[WhiteTeamCountry "CUB"]
[BlackTeamCountry "HUN"]

1. e4 c5 2. Nf3 e6 3. d4 cxd4 4. Nxd4 Nf6 5. Nc3 d6 6. g4 h6 7. h4 Nc6 8. Rg1
h5 9. gxh5 Nxh5 10. Bg5 Nf6 11. Qd2 Qb6 12. Nb3 a6 13. O-O-O Bd7 14. Rg3 Rc8
15. Qe2 Qc7 16. Bg2 Be7 17. Re3 Ne5 18. f4 Nc4 19. Red3 Nh5 20. Rh3 f6 21. f5
fxg5 22. hxg5 Bxg5+ 23. Kb1 Ke7 24. Rxh5 Rxh5 25. Qxh5 Bf6 26. Bh3 Na3+ 27. Kc1
Bxc3 28. fxe6 Be8 29. Qe2 Be5 30. bxa3 Qc3 31. Qd3 Qb2+ 32. Kd2 Bb5 0-1

[Event "Cannes"]
[Site "Cannes"]
[Date "1986.??.??"]
[Round "9"]
[White "Adorjan, Andras"]
[Black "Haik, Aldo"]
[Result "1/2-1/2"]
[WhiteElo "2555"]
[BlackElo "2475"]
[PlyCount "33"]
[EventDate "1986.02.??"]
[EventType "tourn"]
[EventRounds "9"]
[EventCountry "FRA"]
[EventCategory "10"]
[Source "ChessBase"]
[SourceDate "1999.07.01"]
[WhiteTeamCountry "CUB"]
[BlackTeamCountry "HUN"]

1. c4 c5 2. Nf3 Nc6 3. d4 cxd4 4. Nxd4 g6 5. e4 Bg7 6. Be3 Nf6 7. Nc3 O-O 8.
Be2 d6 9. O-O Bd7 10. Rc1 Nxd4 11. Bxd4 Bc6 12. f3 a5 13. b3 Nd7 14. Be3 Be5
15. Qd2 e6 16. Nb5 Nc5 17. Bg5 1/2-1/2

[Event "New York op"]
[Site "New York"]
[Date "1986.??.??"]
[Round "?"]
[White "Adorjan, Andras"]
[Black "Bischoff, Klaus"]
[Result "1/2-1/2"]
[WhiteElo "2555"]
[BlackElo "2475"]
[PlyCount "57"]
[EventDate "1986.03.??"]
[EventType "swiss"]
[EventRounds "9"]
[EventCountry "USA"]
[Source "ChessBase"]
[SourceDate "1996.11.15"]
[WhiteTeamCountry "CUB"]
[BlackTeamCountry "HUN"]

1. c4 c5 2. Nf3 Nf6 3. Nc3 e6 4. g3 b6 5. Bg2 Bb7 6. O-O Be7 7. d4 cxd4 8. Qxd4
d6 9. Rd1 a6 10. Ng5 Bxg2 11. Kxg2 Nc6 12. Qf4 Ra7 13. Nce4 Rd7 14. Nxf6+ Bxf6
15. Nxh7 Rxh7 16. Qe4 Rh5 17. Qxc6 Rc5 18. Qe4 Qc8 19. Be3 Rxc4 20. Rac1 Rdc7
21. Rxc4 Rxc4 22. Qf3 Qc6 23. Qxc6+ Rxc6 24. b3 d5 25. h4 Rc2 26. Rd2 Rxd2 27.
Bxd2 g6 28. Kh3 Bd4 29. f3 1/2-1/2

[Event "New York op"]
[Site "New York"]
[Date "1986.??.??"]
[Round "?"]
[White "Adorjan, Andras"]
[Black "Rohde, Michael"]
[Result "1/2-1/2"]
[WhiteElo "2555"]
[BlackElo "2445"]
[PlyCount "39"]
[EventDate "1986.03.??"]
[EventType "swiss"]
[EventRounds "9"]
[EventCountry "USA"]
[Source "ChessBase"]
[SourceDate "1996.11.15"]
[WhiteTeamCountry "CUB"]
[BlackTeamCountry "HUN"]

1. d4 d5 2. Nf3 Nf6 3. c4 c6 4. Nc3 dxc4 5. a4 Bg4 6. Ne5 Bh5 7. f3 Nfd7 8.
Nxc4 e5 9. Ne4 Bb4+ 10. Bd2 Qh4+ 11. g3 Qe7 12. Bxb4 Qxb4+ 13. Qd2 Qxd2+ 14.
Kxd2 exd4 15. Ned6+ Ke7 16. Nxb7 Na6 17. Bh3 Rab8 18. Nba5 Nb4 19. Rhc1 c5 20.
Ra3 1/2-1/2

[Event "New York op"]
[Site "New York"]
[Date "1986.??.??"]
[Round "?"]
[White "Adorjan, Andras"]
[Black "Thorsteins, Karl"]
[Result "1-0"]
[WhiteElo "2555"]
[BlackElo "2445"]
[PlyCount "49"]
[EventDate "1986.03.??"]
[EventType "swiss"]
[EventRounds "9"]
[EventCountry "USA"]
[Source "ChessBase"]
[SourceDate "1996.11.15"]
[WhiteTeamCountry "CUB"]
[BlackTeamCountry "HUN"]

1. c4 e6 2. Nc3 d5 3. d4 Be7 4. cxd5 exd5 5. Bf4 Nf6 6. e3 O-O 7. Nf3 Bf5 8. h3
c5 9. dxc5 Bxc5 10. Be2 Nc6 11. O-O Bb6 12. Na4 Re8 13. Bb5 Ne4 14. Rc1 Qf6 15.
Qxd5 Rad8 16. Qb3 g5 17. Nxb6 axb6 18. Bc7 Rd7 19. Bxc6 bxc6 20. Qxb6 g4 21.
hxg4 Bxg4 22. Ne5 Qg7 23. Nxd7 Bh3 24. Bg3 Nxg3 25. fxg3 1-0

[Event "New York op"]
[Site "New York"]
[Date "1986.??.??"]
[Round "?"]
[White "Bisguier, Arthur Bernard"]
[Black "Adorjan, Andras"]
[Result "0-1"]
[WhiteElo "2430"]
[BlackElo "2555"]
[PlyCount "100"]
[EventDate "1986.03.??"]
[EventType "swiss"]
[EventRounds "9"]
[EventCountry "USA"]
[Source "ChessBase"]
[SourceDate "1996.11.15"]
[WhiteTeamCountry "CUB"]
[BlackTeamCountry "HUN"]

1. d4 Nf6 2. Nf3 e6 3. Bg5 c5 4. e3 Be7 5. Nbd2 b6 6. c3 Bb7 7. Bd3 Nc6 8. O-O
O-O 9. Re1 cxd4 10. exd4 Nd5 11. Bxe7 Ncxe7 12. Nc4 Qc7 13. a4 Nf4 14. Bf1 Rab8
15. Nce5 d6 16. Nd3 Ned5 17. Qd2 Nxd3 18. Bxd3 Nf6 19. Qe2 Bc6 20. Nd2 Qb7 21.
Ne4 Bxe4 22. Bxe4 Qxe4 23. Qxe4 Nxe4 24. Rxe4 Rfc8 25. Kf1 a5 26. Re2 b5 27.
axb5 Rxb5 28. Rd2 g5 29. Ke2 g4 30. Ke3 Kg7 31. Kf4 h5 32. Ra4 Rcb8 33. Ra2 Kg6
34. c4 Rb4 35. Rxa5 Rxc4 36. Rg5+ Kh6 37. Ra5 Rb3 38. Ra3 Rb5 39. Rc3 Rcb4 40.
Rc6 Rxb2 41. Rxb2 Rxb2 42. Ke3 d5 43. Rc8 Kg7 44. Ra8 Rb3+ 45. Ke2 Rb1 46. h4
gxh3 47. gxh3 Rb4 48. Ke3 Rb3+ 49. Kf4 Rxh3 50. Kg5 Rf3 0-1

[Event "New York op"]
[Site "New York"]
[Date "1986.??.??"]
[Round "?"]
[White "Bonin, Jay R"]
[Black "Adorjan, Andras"]
[Result "0-1"]
[WhiteElo "2385"]
[BlackElo "2555"]
[PlyCount "82"]
[EventDate "1986.03.??"]
[EventType "swiss"]
[EventRounds "9"]
[EventCountry "USA"]
[Source "ChessBase"]
[SourceDate "1996.11.15"]
[WhiteTeamCountry "CUB"]
[BlackTeamCountry "HUN"]

1. d4 Nf6 2. c4 e6 3. Nf3 b6 4. a3 Bb7 5. Nc3 d5 6. cxd5 Nxd5 7. Qa4+ Nd7 8.
Nxd5 Bxd5 9. Bg5 Be7 10. Bxe7 Qxe7 11. Rc1 O-O 12. Rxc7 Nc5 13. Rxe7 Nxa4 14.
b3 Bxb3 15. Nd2 Ba2 16. e4 Rfc8 17. h4 Kf8 18. Rd7 Rd8 19. Rxd8+ Rxd8 20. Rh3
Rxd4 21. Rd3 Rxd3 22. Bxd3 Nc5 23. Ke2 Ke7 24. e5 Nxd3 25. Kxd3 Bd5 26. g4 Kd7
27. f4 a5 28. Kd4 Kc6 29. f5 b5 30. f6 gxf6 31. exf6 Kd6 32. Nf1 e5+ 33. Kc3
Kc5 34. Ne3 b4+ 35. axb4+ axb4+ 36. Kd3 e4+ 37. Kd2 Be6 38. g5 Kd6 39. Nd1 Ke5
40. Ke3 Kf5 41. Nb2 b3 0-1

[Event "New York op"]
[Site "New York"]
[Date "1986.??.??"]
[Round "?"]
[White "Gurevich, Dmitry"]
[Black "Adorjan, Andras"]
[Result "1-0"]
[WhiteElo "2475"]
[BlackElo "2555"]
[PlyCount "163"]
[EventDate "1986.03.??"]
[EventType "swiss"]
[EventRounds "9"]
[EventCountry "USA"]
[Source "ChessBase"]
[SourceDate "1996.11.15"]
[WhiteTeamCountry "CUB"]
[BlackTeamCountry "HUN"]

1. d4 Nf6 2. c4 e6 3. Nc3 Bb4 4. e3 c5 5. Nge2 cxd4 6. exd4 O-O 7. a3 Be7 8. g3
d5 9. c5 b6 10. b4 bxc5 11. dxc5 a5 12. Rb1 axb4 13. axb4 Nc6 14. Bg2 Rb8 15.
Ba3 Ba6 16. O-O Bc4 17. Re1 Qc7 18. Nd4 Ne5 19. f4 Nd3 20. Re3 Nxb4 21. Rxb4
Bxc5 22. Rxb8 Rxb8 23. Bxc5 Qxc5 24. h3 Rb4 25. Qd2 Qb6 26. Nc2 Rb2 27. Qd4 Nd7
28. Qxb6 Nxb6 29. Nd4 g6 30. Re1 Nd7 31. Rb1 Rd2 32. Rd1 Rb2 33. Rb1 Rd2 34.
Nf3 Rc2 35. Nb5 Bd3 36. Rb4 Be4 37. Nbd4 Rc3 38. Kf2 Nc5 39. Ne5 f6 40. Rb8+
Kg7 41. Nd7 Nd3+ 42. Kg1 Rc1+ 43. Bf1 e5 44. fxe5 Nxe5 45. Rb7 Kh6 46. Kf2 Rd1
47. Nxe5 fxe5 48. Ne6 d4 49. Re7 Bf5 50. g4 Bxe6 51. Rxe6 Kg5 52. Rxe5+ Kf4 53.
Re7 h5 54. gxh5 gxh5 55. Rf7+ Kg5 56. Rd7 Rd2+ 57. Kg3 h4+ 58. Kf3 Rd1 59. Rd5+
Kg6 60. Ke2 Rb1 61. Rxd4 Kg5 62. Kf2 Rb6 63. Rd5+ Kh6 64. Be2 Rf6+ 65. Bf3 Rf4
66. Ke3 Ra4 67. Be4 Ra1 68. Kf4 Kg7 69. Bf5 Rg1 70. Bg4 Kf6 71. Rd6+ Ke7 72.
Ra6 Re1 73. Kg5 Re5+ 74. Kxh4 Kf7 75. Kg3 Kg7 76. Kf4 Rc5 77. Bf5 Rc1 78. Kg5
Rc7 79. h4 Rc1 80. Ra7+ Kh8 81. Kh6 Rg1 82. Bg6 1-0

[Event "Szirak"]
[Site "Szirak"]
[Date "1986.??.??"]
[Round "?"]
[White "Adorjan, Andras"]
[Black "Csom, Istvan"]
[Result "1/2-1/2"]
[WhiteElo "2560"]
[BlackElo "2505"]
[PlyCount "48"]
[EventDate "1986.09.??"]
[EventType "tourn"]
[EventRounds "13"]
[EventCountry "HUN"]
[EventCategory "12"]
[Source "ChessBase"]
[SourceDate "1999.07.01"]
[WhiteTeamCountry "CUB"]
[BlackTeamCountry "HUN"]

1. d4 Nf6 2. Nf3 e6 3. c4 Bb4+ 4. Bd2 Qe7 5. g3 Bxd2+ 6. Qxd2 d6 7. Bg2 O-O 8.
Nc3 Nc6 9. O-O h6 10. Rac1 a6 11. d5 Nd8 12. dxe6 Nxe6 13. b4 Re8 14. Rfe1 Nf8
15. Nd5 Qd8 16. Nxf6+ Qxf6 17. c5 Rd8 18. cxd6 Rxd6 19. Qc2 c6 20. Nd2 Qe7 21.
Nc4 Rd8 22. Nb6 Rb8 23. Nxc8 Rbxc8 24. a3 Rc7 1/2-1/2

[Event "Szirak"]
[Site "Szirak"]
[Date "1986.??.??"]
[Round "?"]
[White "Adorjan, Andras"]
[Black "Psakhis, Lev"]
[Result "1/2-1/2"]
[WhiteElo "2560"]
[BlackElo "2555"]
[PlyCount "28"]
[EventDate "1986.09.??"]
[EventType "tourn"]
[EventRounds "13"]
[EventCountry "HUN"]
[EventCategory "12"]
[Source "ChessBase"]
[SourceDate "1999.07.01"]
[WhiteTeamCountry "CUB"]
[BlackTeamCountry "HUN"]

1. c4 c5 2. g3 g6 3. Bg2 Bg7 4. Nc3 Nc6 5. e3 e6 6. Nge2 Nge7 7. d4 cxd4 8.
Nxd4 Nxd4 9. exd4 d5 10. cxd5 Nxd5 11. Nxd5 exd5 12. O-O O-O 13. Qb3 Qb6 14.
Be3 Be6 1/2-1/2

[Event "Szirak"]
[Site "Szirak"]
[Date "1986.??.??"]
[Round "?"]
[White "Adorjan, Andras"]
[Black "Romanishin, Oleg"]
[Result "1-0"]
[WhiteElo "2560"]
[BlackElo "2560"]
[PlyCount "105"]
[EventDate "1986.09.??"]
[EventType "tourn"]
[EventRounds "13"]
[EventCountry "HUN"]
[EventCategory "12"]
[Source "ChessBase"]
[SourceDate "1999.07.01"]
[WhiteTeamCountry "CUB"]
[BlackTeamCountry "HUN"]

1. c4 e5 2. Nc3 Nf6 3. Nf3 Nc6 4. g3 d5 5. cxd5 Nxd5 6. Bg2 Nb6 7. O-O Be7 8.
a3 Be6 9. d3 O-O 10. b4 Nd4 11. Bb2 Nb3 12. Rb1 f6 13. Ne4 a5 14. Bxe5 fxe5 15.
Rxb3 axb4 16. axb4 Bxb3 17. Qxb3+ Qd5 18. Qc3 c6 19. Nxe5 Qe6 20. Qd4 Na4 21.
Nf3 Rfd8 22. Qe3 Qh6 23. Neg5 Bxg5 24. Nxg5 Nc3 25. Bf3 Nd5 26. Qe5 Qf6 27.
Qxf6 Nxf6 28. Rb1 Ra6 29. Kg2 Rb6 30. Ne6 Rd6 31. Nc5 Rd4 32. Ra1 Rdxb4 33.
Ra8+ Kf7 34. Rc8 Ke7 35. e3 Rb2 36. Na4 R6b4 37. Nxb2 Rxb2 38. Rc7+ Kd6 39.
Rxg7 b5 40. d4 b4 41. Rf7 Nd5 42. Bxd5 Kxd5 43. Rxh7 b3 44. Rb7 Kc4 45. h4 Ra2
46. h5 Ra5 47. h6 Rb5 48. Rxb5 cxb5 49. h7 b2 50. h8=Q b1=Q 51. Qc8+ Kb3 52.
Qe6+ Ka4 53. d5 1-0

[Event "Szirak"]
[Site "Szirak"]
[Date "1986.??.??"]
[Round "?"]
[White "Adorjan, Andras"]
[Black "Smejkal, Jan"]
[Result "1-0"]
[WhiteElo "2560"]
[BlackElo "2540"]
[PlyCount "121"]
[EventDate "1986.09.??"]
[EventType "tourn"]
[EventRounds "13"]
[EventCountry "HUN"]
[EventCategory "12"]
[Source "ChessBase"]
[SourceDate "1999.07.01"]
[WhiteTeamCountry "CUB"]
[BlackTeamCountry "HUN"]

1. c4 e5 2. Nc3 d6 3. d4 exd4 4. Qxd4 Nf6 5. b3 g6 6. Bb2 Bg7 7. g3 O-O 8. Bg2
Re8 9. Qd2 Nbd7 10. Nf3 Nc5 11. O-O a5 12. Nd4 c6 13. Rab1 a4 14. e3 axb3 15.
axb3 Nfe4 16. Nxe4 Nxe4 17. Qc2 f5 18. Ra1 Rxa1 19. Rxa1 Bd7 20. Ne2 c5 21. Rd1
Bc6 22. Nf4 Qe7 23. Nd5 Qf7 24. Qb1 b5 25. Bxg7 Qxg7 26. cxb5 Bxb5 27. Qa1 Kh8
28. Qxg7+ Kxg7 29. Nc7 Rb8 30. Bxe4 fxe4 31. Nxb5 Rxb5 32. Rxd6 Rxb3 33. Rc6
Rc3 34. Rc7+ Kf6 35. Rxh7 c4 36. h4 Rc1+ 37. Kg2 c3 38. Rc7 Kf5 39. Rc4 c2 40.
Rc6 Ke5 41. g4 Kd5 42. Rc8 Ke6 43. h5 gxh5 44. gxh5 Kf6 45. Rc6+ Kg7 46. Kh2
Kh7 47. h6 Kg8 48. Rc7 Kh8 49. h7 Ra1 50. Rxc2 Ra6 51. Kg3 Rf6 52. Rc4 Rg6+ 53.
Kf4 Rf6+ 54. Kxe4 Rxf2 55. Ke5 Kxh7 56. Rg4 Rf8 57. e4 Kh6 58. Kd6 Rd8+ 59. Ke7
Rd4 60. Kf6 Rd6+ 61. Kf5 1-0

[Event "Szirak"]
[Site "Szirak"]
[Date "1986.??.??"]
[Round "?"]
[White "Adorjan, Andras"]
[Black "Spraggett, Kevin"]
[Result "1/2-1/2"]
[WhiteElo "2560"]
[BlackElo "2525"]
[PlyCount "30"]
[EventDate "1986.09.??"]
[EventType "tourn"]
[EventRounds "13"]
[EventCountry "HUN"]
[EventCategory "12"]
[Source "ChessBase"]
[SourceDate "1999.07.01"]
[WhiteTeamCountry "CUB"]
[BlackTeamCountry "HUN"]

1. d4 d5 2. c4 dxc4 3. e3 Nf6 4. Bxc4 e6 5. Nf3 c5 6. O-O a6 7. a4 Nc6 8. Qe2
cxd4 9. Rd1 Be7 10. exd4 O-O 11. Nc3 Nd5 12. Qe4 Nf6 13. Qh4 Nd5 14. Qh5 Nf6
15. Qh4 Nd5 1/2-1/2

[Event "Szirak"]
[Site "Szirak"]
[Date "1986.??.??"]
[Round "?"]
[White "Ftacnik, Lubomir"]
[Black "Adorjan, Andras"]
[Result "1-0"]
[WhiteElo "2555"]
[BlackElo "2560"]
[PlyCount "87"]
[EventDate "1986.09.??"]
[EventType "tourn"]
[EventRounds "13"]
[EventCountry "HUN"]
[EventCategory "12"]
[Source "ChessBase"]
[SourceDate "1999.07.01"]
[WhiteTeamCountry "CUB"]
[BlackTeamCountry "HUN"]

1. d4 Nf6 2. c4 e6 3. Nf3 b6 4. g3 Ba6 5. b3 Bb4+ 6. Bd2 Be7 7. Bg2 O-O 8. O-O
c6 9. Bc3 d5 10. Ne5 Nfd7 11. Nxd7 Nxd7 12. Nd2 Rc8 13. e4 dxe4 14. Bxe4 b5 15.
Qc2 h6 16. Rfd1 bxc4 17. bxc4 Nb6 18. c5 Nd5 19. Re1 Qc7 20. Bg2 Rb8 21. Nf3
Bf6 22. h4 Rb7 23. Nh2 Rfb8 24. Ng4 Qd8 25. Rad1 Rd7 26. Ne5 Bxe5 27. dxe5 Bb5
28. Bd2 Qe7 29. Be4 Qd8 30. Rb1 Nf6 31. exf6 Rxd2 32. Qc3 Rxa2 33. fxg7 Rc8 34.
Rbd1 Qe7 35. Rd6 Ra4 36. Bc2 Rc4 37. Qd3 Rxc2 38. Qxc2 Kxg7 39. Qd2 Qf6 40.
Rdxe6 Rd8 41. Rd6 Rxd6 42. cxd6 Bc4 43. d7 Bd5 44. Qf4 1-0

[Event "Szirak"]
[Site "Szirak"]
[Date "1986.??.??"]
[Round "?"]
[White "Garcia Palermo, Carlos"]
[Black "Adorjan, Andras"]
[Result "1/2-1/2"]
[WhiteElo "2515"]
[BlackElo "2560"]
[PlyCount "97"]
[EventDate "1986.09.??"]
[EventType "tourn"]
[EventRounds "13"]
[EventCountry "HUN"]
[EventCategory "12"]
[Source "ChessBase"]
[SourceDate "1999.07.01"]
[WhiteTeamCountry "CUB"]
[BlackTeamCountry "HUN"]

1. d4 Nf6 2. c4 e6 3. Nc3 Bb4 4. e3 c5 5. Nge2 cxd4 6. exd4 O-O 7. a3 Be7 8. g3
d5 9. c5 b6 10. b4 bxc5 11. dxc5 a5 12. Rb1 Nc6 13. Bg2 axb4 14. axb4 Rb8 15.
Ba3 Ba6 16. O-O Bc4 17. Qc2 Ng4 18. h3 Nge5 19. Rfd1 Qc7 20. Nf4 g6 21. Ncxd5
exd5 22. Nxd5 Bxd5 23. Bxd5 Bf6 24. f4 Nd7 25. Bxc6 Qxc6 26. Rd6 Qa8 27. Rb3
Qa4 28. Rc3 Rxb4 29. Bxb4 Qxb4 30. Rc4 Qe1+ 31. Kg2 Re8 32. Rd2 Nxc5 33. Rxc5
Bd4 34. Rc8 Qg1+ 35. Kf3 Qh1+ 36. Rg2 Rxc8 37. Qxc8+ Kg7 38. Qc2 Qxh3 39. Ke4
Bf6 40. g4 h6 41. Qe2 Qb3 42. Qc2 Qb7+ 43. Ke3 Qd5 44. Rd2 Qe6+ 45. Kf3 h5 46.
g5 Qh3+ 47. Ke4 Qf5+ 48. Ke3 Qh3+ 49. Ke4 1/2-1/2

[Event "Szirak"]
[Site "Szirak"]
[Date "1986.??.??"]
[Round "?"]
[White "Hazai, Laszlo"]
[Black "Adorjan, Andras"]
[Result "1/2-1/2"]
[WhiteElo "2480"]
[BlackElo "2560"]
[PlyCount "28"]
[EventDate "1986.09.??"]
[EventType "tourn"]
[EventRounds "13"]
[EventCountry "HUN"]
[EventCategory "12"]
[Source "ChessBase"]
[SourceDate "1999.07.01"]
[WhiteTeamCountry "CUB"]
[BlackTeamCountry "HUN"]

1. e4 c5 2. Nf3 e6 3. d4 cxd4 4. Nxd4 Nf6 5. Nc3 d6 6. f4 a6 7. Qf3 Nbd7 8. Bd3
e5 9. Nf5 g6 10. Ng3 exf4 11. Bxf4 Qe7 12. O-O Bg7 13. Bg5 Qe5 14. Bf4 Qe7
1/2-1/2

[Event "Szirak"]
[Site "Szirak"]
[Date "1986.??.??"]
[Round "?"]
[White "Pinter, Jozsef"]
[Black "Adorjan, Andras"]
[Result "0-1"]
[WhiteElo "2555"]
[BlackElo "2560"]
[PlyCount "82"]
[EventDate "1986.09.??"]
[EventType "tourn"]
[EventRounds "13"]
[EventCountry "HUN"]
[EventCategory "12"]
[Source "ChessBase"]
[SourceDate "1999.07.01"]
[WhiteTeamCountry "CUB"]
[BlackTeamCountry "HUN"]

1. d4 Nf6 2. c4 e6 3. Nf3 b6 4. g3 Ba6 5. b3 Bb4+ 6. Bd2 Be7 7. Nc3 O-O 8. e4
Bb7 9. Bd3 d5 10. cxd5 exd5 11. e5 Ne4 12. O-O c5 13. Rc1 cxd4 14. Nxd4 Nd7 15.
Bf4 Ndc5 16. Bb5 Rc8 17. Qg4 a6 18. Nf5 g6 19. Nxe4 dxe4 20. Rcd1 Nd3 21. Bxd3
exd3 22. Nd6 h5 23. Qh3 Bxd6 24. Rxd3 Be7 25. Rxd8 Rfxd8 26. Be3 Rd3 27. g4 h4
28. e6 g5 29. Re1 Rcd8 30. Qf1 Bf3 31. Bxb6 R8d5 32. exf7+ Kxf7 33. Qh3 Bc5 34.
Ba5 R5d4 35. Re3 Rxg4+ 36. Kf1 Bg2+ 37. Qxg2 Rxg2 38. Rxd3 Rxf2+ 39. Ke1 Rxh2
40. Rd5 Be3 41. Bd8 g4 0-1

[Event "Szirak"]
[Site "Szirak"]
[Date "1986.??.??"]
[Round "?"]
[White "Rogers, Ian"]
[Black "Adorjan, Andras"]
[Result "1/2-1/2"]
[WhiteElo "2515"]
[BlackElo "2560"]
[PlyCount "20"]
[EventDate "1986.09.??"]
[EventType "tourn"]
[EventRounds "13"]
[EventCountry "HUN"]
[EventCategory "12"]
[Source "ChessBase"]
[SourceDate "1999.07.01"]
[WhiteTeamCountry "CUB"]
[BlackTeamCountry "HUN"]

1. e4 c5 2. c4 Nc6 3. Nc3 g6 4. g3 Bg7 5. Bg2 e6 6. d3 Nge7 7. Nge2 O-O 8. O-O
d6 9. Rb1 b6 10. a3 Bb7 1/2-1/2

[Event "Szirak"]
[Site "Szirak"]
[Date "1986.??.??"]
[Round "?"]
[White "Suba, Mihai"]
[Black "Adorjan, Andras"]
[Result "1/2-1/2"]
[WhiteElo "2580"]
[BlackElo "2560"]
[PlyCount "126"]
[EventDate "1986.09.??"]
[EventType "tourn"]
[EventRounds "13"]
[EventCountry "HUN"]
[EventCategory "12"]
[Source "ChessBase"]
[SourceDate "1999.07.01"]
[WhiteTeamCountry "CUB"]
[BlackTeamCountry "HUN"]

1. Nf3 c5 2. c4 Nf6 3. Nc3 e6 4. g3 b6 5. Bg2 Bb7 6. d4 cxd4 7. Qxd4 Nc6 8. Qf4
Bb4 9. Bd2 O-O 10. O-O Be7 11. Rfd1 d6 12. b3 Rc8 13. Bc1 Rc7 14. Ba3 Rd7 15.
e4 Qb8 16. Qe3 Rfd8 17. h3 Ba8 18. Rd2 a6 19. Rad1 b5 20. e5 dxe5 21. Bxe7 Nxe7
22. Nxe5 Rxd2 23. Rxd2 Rxd2 24. Qxd2 Bxg2 25. Kxg2 h6 26. Qd4 Nf5 27. Qc5 b4
28. Na4 Ne4 29. Nc6 Qa8 30. Qb6 Nc3 31. Qb8+ Qxb8 32. Nxb8 Nxa2 33. Nxa6 Nd4
34. N4c5 Kf8 35. Nd3 Ke7 36. Naxb4 Nxb4 37. Nxb4 Kd6 38. Nd3 Nxb3 39. f4 f6 40.
Kf2 Na5 41. c5+ Kd5 42. Ke3 Nb3 43. f5 e5 44. g4 Nxc5 45. Nf2 Nb7 46. Nh1 h5
47. Ng3 hxg4 48. hxg4 Nd6 49. Nh5 Ne8 50. Ng3 Kd6 51. Ke4 Ke7 52. Kd5 Nc7+ 53.
Kc6 Na6 54. Kb5 Nb8 55. Nh5 Kf7 56. Ng3 Nd7 57. Kc6 Nf8 58. Kd6 Nh7 59. Ne4 Ke8
60. Ke6 Kf8 61. Kd5 Ke7 62. Kc5 Kf7 63. Kd6 Nf8 1/2-1/2

[Event "Hastings 8687"]
[Site "Hastings"]
[Date "1986.??.??"]
[Round "?"]
[White "Adorjan, Andras"]
[Black "Chandler, Murray"]
[Result "1/2-1/2"]
[WhiteElo "2560"]
[BlackElo "2565"]
[PlyCount "83"]
[EventDate "1986.12.??"]
[EventType "tourn"]
[EventRounds "13"]
[EventCountry "ENG"]
[EventCategory "10"]
[Source "ChessBase"]
[SourceDate "1988.06.01"]
[WhiteTeamCountry "CUB"]
[BlackTeamCountry "HUN"]

1. c4 e5 2. Nc3 Nf6 3. Nf3 Nc6 4. g3 d5 5. cxd5 Nxd5 6. Bg2 Nb6 7. d3 Be7 8. a3
O-O 9. O-O Be6 10. b4 Nd4 11. Bb2 Bb3 12. Qc1 c5 13. bxc5 Bxc5 14. Nxd4 exd4
15. Ne4 Be7 16. Qb1 Be6 17. a4 a5 18. Nd2 Qd7 19. Nf3 Bf6 20. e3 Nxa4 21. Bxd4
Nc3 22. Qb2 Bxd4 23. Nxd4 Nd5 24. Rfb1 Nb4 25. Rxa5 Rxa5 26. Qxb4 Ra7 27. h4
Bd5 28. Qb5 Bc6 29. Bxc6 bxc6 30. Qxc6 Qxc6 31. Nxc6 Ra2 32. Ne7+ Kh8 33. Kg2
Rfa8 34. Nc6 g6 35. d4 Rd2 36. Rb7 f6 37. Rb1 Raa2 38. Rf1 h5 39. Ne7 Kg7 40.
Nd5 Rac2 41. Nf4 Kh6 42. Ne6 1/2-1/2